banner-ar

الغريب PASTURES OF HEAVEN / (Record no. 4899)

MARC details
000 -الفاتح
حقل البيانات ثابتة الطول 00750nam a2200241Ia 4500
008 - عناصر البيانات ثابتة الطول - معلومات عامة
حقل البيانات ثابتة الطول 140319s9999 xx 000 0 ara d
020 ## - الرقم الدولى المعيارى للكتب
الرقم الدولى المعيارى للكتاب 9359270977
040 ## - مصدر الفهرسة
وكالة الفهرسة الأصلية GCL /
وكالة النسخ GCL
082 04 - رقم تصنيف ديوى العشرى
رقم التصنيف 843.03
رقم المادة ك غ
100 1# - المدخل الرئيسى - إسم شخصى
الإسم الشخصى كامى، البير
245 10 - بيان العنوان
العنوان الغريب PASTURES OF HEAVEN /
بيان المسئوليه,etc كامى، البير
700 1# - المدخل الاضافى - اسم شخصى
الإسم الشخصى محمد غطاس
250 ## - بيان الطبعة
بيان الطبعة الاولى
260 ## - PUBLICATION, DISTRIBUTION, ETC. (IMPRINT)
تاريخ النشر أو التوزيع 1997
300 ## - الوصف المادى
التعداد 137 ص:
تفاصيل ماديه اخرى للوعاء ايض ؛
أبعاد الوعاء 22 سم
490 ## - بيان السلسلة
عنوان السلسلة روايات جائزة نوبل
رقم المجلد/ التعيين التسلسلي 9
650 04 - المدخل الاضافى بالموضوع-مصطلح موضوعى
مصطلح موضوعي الادب
650 04 - المدخل الاضافى بالموضوع-مصطلح موضوعى
مصطلح موضوعي الادب العالمى
650 04 - المدخل الاضافى بالموضوع-مصطلح موضوعى
مصطلح موضوعي القصص الفرنسية
650 04 - المدخل الاضافى بالموضوع-مصطلح موضوعى
مصطلح موضوعي الادب - مسابقات
942 ## - عناصر المدخل الإضافي( كوها)
مصدر التصنيف او مخطط الترفيف Dewey Decimal Classification
Koha [default] item type كتاب
260 ## - PUBLICATION, DISTRIBUTION, ETC. (IMPRINT)
-- القاهرة :
-- الدار المصرية اللبنانية ،
Holdings
حالة التراجع حالة الفقد حالة تلف ليس للاعارة المكان المؤقت الموقع الحالى تاريخ الاكتساب اجمالي اﻻعارات رقم الطلب الباركود تاريخ اخر مشاهدة تاريخ تفعيل السعر نوع وعاء كوها
        مكتبة القاهرة الكبرى مكتبة القاهرة الكبرى 03/26/2014   843.03\ ك غ 10917 03/26/2014 03/26/2014 كتاب

Powered By

EGPV